000 00430nam a2200109Ia 4500
008 160909s9999 xx 000 0 und d
100 _aManganelli, Joseph Charles
245 _aWayfinding in a complex indoor environment: Correlation of wayfinding experience, survey knowledge, and route knowledge
260 _bClemson University
_c2016
650 _aPSYCHOLOGY
856 _uhttp://pqdtopen.proquest.com/doc/1795524887.html?FMT=ABS
999 _c304077
_d304077